Recent and fossil ripple-mark, (Record no. 25757)

MARC details
000 -LEADER
fixed length control field 00896cam a22002531 4500
001 - CONTROL NUMBER
control field gs 17000230
003 - CONTROL NUMBER IDENTIFIER
control field DLC
005 - DATE AND TIME OF LATEST TRANSACTION
control field 20260227111321.0
008 - FIXED-LENGTH DATA ELEMENTS--GENERAL INFORMATION
fixed length control field 761215s1917 oncaf f000 0 eng c
010 ## - LIBRARY OF CONGRESS CONTROL NUMBER
LC control number gs 17000230
035 ## - SYSTEM CONTROL NUMBER
System control number (OCoLC)2625261
040 ## - CATALOGING SOURCE
Original cataloging agency Library, U. S. Geological Survey
Transcribing agency ViU
Modifying agency ViU
-- DLC
042 ## - AUTHENTICATION CODE
Authentication code premarc
050 00 - LIBRARY OF CONGRESS CALL NUMBER
Classification number QH1
Item number .C13 no. 25
100 1# - MAIN ENTRY--PERSONAL NAME
Personal name Kindle, E. M.
Fuller form of name (Edward Martin),
Dates associated with a name 1869-1940.
245 10 - TITLE STATEMENT
Title Recent and fossil ripple-mark,
Statement of responsibility, etc. by E. M. Kindle.
260 ## - PUBLICATION, DISTRIBUTION, ETC.
Place of publication, distribution, etc. Ottawa,
Name of publisher, distributor, etc. Government Printing Bureau,
Date of publication, distribution, etc. 1917.
300 ## - PHYSICAL DESCRIPTION
Extent iii, 56 p.
Other physical details 33 plates, diagrs. (part fold.)
Dimensions 25 cm.
490 1# - SERIES STATEMENT
Series statement Canada. Geological survey. Museum bulletin
Volume/sequential designation no. 25. Geological series, no. 34
500 ## - GENERAL NOTE
General note Cover title.
500 ## - GENERAL NOTE
General note At head of title: Canada. Department of Mines.
650 #0 - SUBJECT ADDED ENTRY--TOPICAL TERM
Topical term or geographic name entry element Ripple-marks.
810 2# - SERIES ADDED ENTRY--CORPORATE NAME
Corporate name or jurisdiction name as entry element National Museum of Canada.
Title of a work Bulletin ;
Volume/sequential designation no. 25.

No items available.

Powered by Koha